Statistics for Highest Grossing Animated Movie

Click here to take the quiz!

General Stats

  • This quiz has been taken 28 times
  • The average score is 11 of 20

Answer Stats

Box OfficeYearAnswer% Correct
$1,290,000,0002013Frozen
88%
$1,450,026,9332019Frozen II
77%
$1,657,713,4582019The Lion King
77%
$968,483,7771994The Lion King
77%
$1,067,969,7032010Toy Story 3
77%
$1,073,394,5932019Toy Story 4
77%
$1,159,398,3972015Minions
73%
$970,766,0052013Despicable Me 2
65%
$940,335,5362003Finding Nemo
58%
$919,900,0002004Shrek 2
54%
$1,034,799,4092017Despicable Me 3
46%
$1,029,570,8892016Finding Dory
46%
$813,367,3802007Shrek the Third
46%
$877,244,7822012Ice Age: Continental Drift
38%
$886,686,8172009Ice Age: Dawn of the Dinosaurs
38%
$1,242,805,3592018Incredibles 2
38%
$857,611,1742015Inside Out
38%
$1,023,784,1952016Zootopia
38%
$807,082,1962017Coco
27%
$875,457,9372016The Secret Life of Pets
12%

Score Distribution

Percentile by Number Answered

Percent of People with Each Score

Your Score History

You have not taken this quiz